000 00733cab a2200241 4500
001 WB3415-24
008 090401t1998 xxu||||| |||| 00| 0 eng d
035 _a(Sirsi) u85644
041 _aeng
245 _aLetting group to float
260 _c1998
350 _a0
490 _aFinancial Times
_v16 April 1998, 20(1)
520 _aA London residential letting company, City North, is to float for £25m on the stock exchange. The company lets its own properties in the centre of London.
650 _aCITY NORTH
650 _aFLOTATION
650 _aLETTING AGENCIES
650 _aLONDON
650 _aRESIDENTIAL LETTINGS
690 _aPROPERTY-PROPERTY FINANCE AND INVESTMENT
942 _n0
948 _c16/04/1998
999 _c53863
_d53863